تصوير القصص الديني على جدران سراديب الموتى فى روما ومقارنتها مع مثيلاتها من مصر / (رقم التسجيلة. 180112)
[ عرض عادي ]
| 000 -LEADER | |
|---|---|
| fixed length control field | 05414namaa22004091i 4500 |
| 003 - CONTROL NUMBER IDENTIFIER | |
| control field | OSt |
| 005 - أخر تعامل مع التسجيلة | |
| control field | 20260513092950.0 |
| 008 - FIXED-LENGTH DATA ELEMENTS--GENERAL INFORMATION | |
| fixed length control field | 250827s2025 ua a|||frm||| 000 0 eng d |
| 040 ## - CATALOGING SOURCE | |
| Original cataloguing agency | EG-GICUC |
| Language of cataloging | ara |
| Transcribing agency | EG-GICUC |
| Modifying agency | EG-GICUC |
| Description conventions | rda |
| 041 0# - LANGUAGE CODE | |
| Language code of text/sound track or separate title | ara |
| Language code of summary or abstract | ara |
| -- | eng |
| 049 ## - Acquisition Source | |
| Acquisition Source | إيداع |
| 082 04 - DEWEY DECIMAL CLASSIFICATION NUMBER | |
| Classification number | 726.8 |
| 092 ## - LOCALLY ASSIGNED DEWEY CALL NUMBER (OCLC) | |
| Classification number | 726.8 |
| Edition number | 21 |
| 097 ## - Degree | |
| Degree | مــــاجستير |
| 099 ## - LOCAL FREE-TEXT CALL NUMBER (OCLC) | |
| Local Call Number | Cai01.14.04.M.Sc.2025.رن.ت |
| 100 0# - MAIN ENTRY--PERSONAL NAME | |
| Authority record control number or standard number | ،رنا حمادة حمدى عثمان |
| Preparation | إعداد. |
| 245 10 - TITLE STATEMENT | |
| Title | تصوير القصص الديني على جدران سراديب الموتى فى روما ومقارنتها مع مثيلاتها من مصر / |
| Statement of responsibility, etc. | إعداد رنا حمادة حمدى عثمان؛ إشراف أ.م.د. منى جبر عبد النبي. |
| 246 15 - VARYING FORM OF TITLE | |
| Title proper/short title | Depicting religious narrative on the catacombs walls in rome compared with similar ones from egypt / |
| 264 #0 - PRODUCTION, PUBLICATION, DISTRIBUTION, MANUFACTURE, AND COPYRIGHT NOTICE | |
| Date of production, publication, distribution, manufacture, or copyright notice | 2025. |
| 300 ## - PHYSICAL DESCRIPTION | |
| Extent | 335 صفحة : |
| Other physical details | الرسالة جزئين في مجلد واحد؛ |
| Dimensions | 30 سم. + |
| Accompanying material | CD. |
| 336 ## - CONTENT TYPE | |
| Content type term | text |
| Source | rda content |
| 337 ## - MEDIA TYPE | |
| Media type term | Unmediated |
| Source | rdamedia |
| 338 ## - CARRIER TYPE | |
| Carrier type term | volume |
| Source | rdacarrier |
| 502 ## - DISSERTATION NOTE | |
| Dissertation note | أطروحة (ماجستير)-جامعة القاهرة، 2025. |
| 504 ## - BIBLIOGRAPHY, ETC. NOTE | |
| Bibliography, etc. note | ببليوجرافيا: صفحات 200-215. |
| 520 ## - SUMMARY, ETC. | |
| Summary, etc. | تناول البحث موضوع " تصوير القصص الديني علي جدران سراديب الموتي في روما ومقارنتها مع مثيلاتها من مصر"، وقد تم تقسيمه إلي تمهيد، وأربعة فصول، وخاتمة، ثم أربعة ملاحق، وجاءت علي رأسهم المقدمة والتي عرضت أهمية الموضوع وأسباب إختياره، فضلا عن الدراسات السابقة. في البداية تناول التمهيد تعريف بسيط عن طقوس الدفن وطرز المقابر الرومانية وتطورها وصولاً إلي نشأة سراديب الموتي وتطورها والإضطهاد الكبير الذي عاني منه المسيحيون فترات من الزمن. أما الفصل الأول، فتناول طبيعة الموضوعات المصورة علي جدران تلك السراديب وجذورها في الفن الروماني وطرق التصوير الرومانية ما قبل السراديب مثل التصوير الجنائزي الإتروسكي وأساليب بومبي الأربعة، وإشتمل الفصل أيضاً علي نبذه بالموضوعات المصورة وطبيعتها تمهيداً لعرضها بالتفصيل في الفصول التالية. تضمن الفصل الثاني الموضوعات الوثنية المصورة علي جدران سراديب الموتي في روما مثل تصوير مشاهد هيراكليس وأورفيوس والجورجون ميدوزا ثم طائر الفينيق وإبراز أسباب ظهور تلك الموضوعات الوثنية علي جدران سراديب موتي مسيحية. في حين تناول الفصل الثالث عرض مفصل للقصص الديني المسيحي المصور علي جدران السراديب والمشتق من كلا العهدين القديم والجديد وأماكن العثور عليها وتأريخها، أيضا وصف فني لتلك الجداريات الهامة. في حين تناول الفصل الرابع الدراسة التحليلية للموضوعات المصورة علي جدران سراديب الموتي في روما مع عمل مقارنات فنية وتاريخية مع مثيلاتها في مصر مثل مقابر البجوات ومقابر كرموز لما تضمنته تلك المقابر من موضوعات متشابهه مع تلك الموجودة في روما. ثم تأتي الخاتمة وبها النتائج التي توصلت إليها الطالبة من خلال البحث في نقاط محدودة . وأخيراً ذيل البحث بخمس فهارس من بينهما فهرس الأشكال التوضيحية. |
| 520 ## - SUMMARY, ETC. | |
| Summary, etc. | The research is divided into two parts. Part one highlights the importance of the topic and the reasons behind its selection, presenting an overview of burial rituals and the styles of Roman tombs, leading up to the emergence and development of the catacombs.Chapter One: focuses on the nature of the subjects depicted on the walls of these catacombs.Chapter Two: studies the pagan themes. Chapter Three: explores Christian religious narratives.Chapter Four: offers an analytical study of the themes illustrated on the walls of the Roman catacombs, alongside artistic and historical comparisons with their counterparts in Egypt.Part two: An index of illustrations |
| 530 ## - ADDITIONAL PHYSICAL FORM AVAILABLE NOTE | |
| Issues CD | صدر أيضًا كقرص مدمج. |
| 546 ## - LANGUAGE NOTE | |
| Text Language | النص بالعربية والملخص باللغة الإنجليزية والعربية. |
| 650 #7 - SUBJECT ADDED ENTRY--TOPICAL TERM | |
| Topical term or geographic name entry element | مستودعات الجثث والمقابر |
| Source of heading or term | qrmak |
| 653 #0 - INDEX TERM--UNCONTROLLED | |
| Uncontrolled term | فن مسيحي |
| -- | روما |
| -- | سراديب الموتي |
| 700 0# - ADDED ENTRY--PERSONAL NAME | |
| Personal name | منى جبر عبد النبي |
| Relator term | مشرف أطروحة. |
| 900 ## - Thesis Information | |
| Grant date | 13-02-2025 |
| Supervisory body | منى جبر عبد النبي |
| Discussion body | عبد الرحمن علي عبد الرحمن |
| -- | ماري ميساك كيبليان |
| Universities | جامعة القاهرة |
| Faculties | كلية الاثار |
| Department | قسم الآثار اليونانية الرومانية |
| 905 ## - Cataloger and Reviser Names | |
| Cataloger Name | Sara Salah |
| 942 ## - ADDED ENTRY ELEMENTS (KOHA) | |
| Source of classification or shelving scheme | Dewey Decimal Classification |
| Koha item type | Thesis |
| Edition | 21 |
| Suppress in OPAC | No |
لا توجد مواد متاحة.